| 000 | 00558nam a22001817a 4500 | ||
|---|---|---|---|
| 003 | OSt | ||
| 008 | 140419b xxu||||| |||| 00| 0 eng d | ||
| 100 | 1 | _aBeaumont, K. M. | Adams, H. C. V. | |
| 041 | _aeng | ||
| 245 | 1 | 0 | _aThe Postage Stamps of Great Britain |
| 246 | 1 | 0 | _aPart 3 - The Embossed Issues, The Surface Printed Issues of Queen Victoria and King Edward VII |
| 260 |
_aLondon, England _bThe Royal Philatelic Society |
||
| 300 | _a179 pages | ||
| 650 | 0 | _aGreat Britain | |
| 650 | 0 | _aLine Engraved | |
| 650 | 0 | _aEmbossed | |
| 650 | 0 | _aSurface Printed | |
| 999 |
_c557 _d557 |
||